| 000 | 01290nam0a22003131 4500 | ||
|---|---|---|---|
| 001 | RU\NLR\INFOCOMM_116\5000050194 | ||
| 005 | 20250613085736.0 | ||
| 035 | _a(NLR Aleph) 009041882 | ||
| 090 |
_a9546764 _c9546764 |
||
| 100 | _a20080728d1976 |||y0rusy50 ca | ||
| 101 | 0 |
_ager _arus _atat |
|
| 102 | _aRU | ||
| 105 | _aac z 000zy | ||
| 200 | 1 |
_aVom Großen Oktober ins Leben gerufen _dРожденные Великим Октябрем _fSch. A. Achmadullin _gMin. für Volksbildung der RSFSR, Kasaner Staatliche päd. Hochschule _zrus |
|
| 210 |
_aKasan _cTatarischer Bücherverl. _d1976 |
||
| 215 |
_a100 с. _cил., портр. _d20 см |
||
| 300 | _aТекст на нем., татар. и рус. яз. | ||
| 300 | _aАвт. также на рус. яз.: Ш. А. Ахмадуллин | ||
| 300 | _aНа обл. авт. и загл. только на рус. яз. | ||
| 510 | 1 |
_6z45790 _aРожденные Великим Октябрем _zrus |
|
| 686 |
_aЯ278-1600татар _2rubbk |
||
| 700 | 1 |
_aAchmadullin _bS. A. _gScharaf Achmadullovič _4070 |
|
| 790 | 1 |
_6z45510 _aАхмадуллин _bШ.А. _gШараф Ахмадуллович |
|
| 801 | 1 |
_aRU _bNLR _c20080728 |
|
| 801 | 0 |
_aRU _bNLR _gPSBO |
|
| 852 |
_aNLR _jЯ61 Д-3/291 |
||
| 942 | _cBOOK | ||
| 980 | _aNB | ||